000 01418nam0a2200349 4500
001 RU\NLR\bibl\1309809
005 20260607053749.0
010 _a978-5-9921-0392-2
_910000
021 _aRU
_b2008-86857
_95069
021 _aRU
_b2008-86905
_95072
021 _aRU
_b2008-86950
_95075
035 _a(NLR Aleph) 001295275
090 _a584725
_c584725
100 _a20081217d2008 |||y0rusy50 ca
101 0 _arus
102 _aRU
105 _aa |||||||||
200 1 _aЭто кто
_e[стихи
_eдля чтения взрослыми детям]
_fТ. Коти
_g[худож. Т. Андреева]
210 _a[Москва]
_cЛИНГ
_cЛИНГ-книга
_d2008
215 _a[9] с.
_cцв. ил.
_d12х15
225 1 _aКто-кто в синем море живет
225 1 _aЧитаем с мамой
225 1 _aСерия "Вырубка"
_iРыбы
700 1 _4070
_7ca
_8rus
_aКоти
_bТ. Ю.
_gТатьяна Юрьевна
_918520
_3RU\NLR\auth\7735523
702 1 _4040
_7ca
_8rus
_aАндреева
_bТ. В.
_cхудожник
_gТатьяна В.
_929939
_3RU\NLR\auth\7747004
801 0 _aRU
_bNLR
_c20081217
_gRCR
801 1 _aRU
_bNLR
_c20081217
852 _aNLR
_jИгр/571
942 _cBOOK
980 _aNB